Save the earth! : an ecology handbook for kids /

Discusses the ecological problems of land, air, and water pollution in the world today. Includes projects that illustrate these problems and possible solutions to them.

Bibliographic Details
Main Author: Miles, Betty
Format: Book
Language:English
Published: New York : Knopf, 1974.
Subjects:

MARC

Tag First Indicator Second Indicator Subfields
LEADER 00000pam a2200000 a 4500
001 in00000080247
005 20151008060905.0
008 731002s1974 nyua j 00110 engm
010 |a  73015116  
020 |a 0394826582 
020 |a 0394926587 (lib. bdg.) 
035 |a (OCoLC)00724283 
035 |9 AAJ6822AM 
037 |c $5.57 
040 |a DLC  |c DLC  |d m.c.  |d TXA  |d UtOrBLW 
049 |a [Curr Col] TXAM  |c [1502681] 
050 0 0 |a QH541.14  |b  M54 
082 0 |a 333.7/2 
100 1 |a Miles, Betty. 
245 1 0 |a Save the earth! :  |b an ecology handbook for kids /  |c by Betty Miles ; illustrated by Claire A. Nivola. 
264 1 |a New York :  |b Knopf,  |c 1974. 
300 |a 91 pages :  |b illustrations ;  |c 27 cm. 
336 |a text  |b txt  |2 rdacontent 
337 |a unmediated  |b n  |2 rdamedia 
338 |a volume  |b nc  |2 rdacarrier 
500 |a Includes index. 
520 |a Discusses the ecological problems of land, air, and water pollution in the world today. Includes projects that illustrate these problems and possible solutions to them. 
650 0 |a Ecology  |v Juvenile literature. 
650 0 |a Conservation of natural resources  |v Juvenile literature. 
650 1 |a Ecology. 
650 1 |a Conservation of natural resources. 
999 |a MARS 
999 f f |s 1ccfbe4a-e061-31f4-826e-d357a56e2b39  |i e25de2f3-86f2-3d89-8cdd-398c2ba3914d  |t 0 
952 f f |p normal  |a Texas A&M University  |b College Station  |c Sterling C. Evans Library  |d Evans: Curriculum Collection (4th floor)  |t 0  |e QH541.14 M54  |h Library of Congress classification  |i unmediated -- volume  |m A14806466099 
998 f f |a QH541.14 M54  |t 0  |l Evans: Curriculum Collection (4th floor)